| 000 | 00911nam a2200277Ia 4500 | ||
|---|---|---|---|
| 003 | OSt | ||
| 005 | 20220923211037.0 | ||
| 006 | a|||||r|||| 00| 0 | ||
| 007 | ta | ||
| 008 | Pun | ||
| 020 | _a8172013434 (pb) | ||
| 024 | _a231,040 | ||
| 037 | _cTextual | ||
| 040 |
_aARTS _cARTS _bPun |
||
| 041 |
_2Pun _aPun |
||
| 082 | _aO153,1K80:g, 152N2 | ||
| 100 |
_aकोहली, सुरिन्द्र सिंह _9157520 |
||
| 245 | 0 | _aबुल्ले शाह | |
| 246 | _aBulle shāha | ||
| 260 |
_aनई दिल्ली _b साहित्य अकादमी _c1992 |
||
| 300 |
_a112पृ0 _ccm. |
||
| 490 | _aभारतीय साहित्य के निर्माता | ||
| 650 | _aपंजाबी निबंध | ||
| 942 |
_hO153,1K80:g, 152N2 _cTEXL _2CC |
||
| 999 |
_c294410 _d294410 |
||